| 000 | 01252nam a2200289 4500 | ||
|---|---|---|---|
| 001 | 0000021427 | ||
| 003 | CO-CtgCURN | ||
| 005 | 20250506143251.0 | ||
| 007 | ta | ||
| 008 | 160627s2001 000 0 eng d | ||
| 020 | _a9586165086 | ||
| 040 |
_aCO-CtgCURN _bspa _ccoctgcurn |
||
| 082 | 0 |
_a305.42 _bB714d |
|
| 100 | 1 | _aBrage Camazano, Joaquin. | |
| 245 | 1 | 0 |
_aDiscriminacion positiva en favor de la mujer en el derecho comunitario : _b(en torno a la sentencia del II de noviembre de 1997 del Tribunal de Justicia de las comunidades europeas) / _cJoaquin Brage Camazano. |
| 260 |
_aBogotá : _bInstituto de Estudios Constitucionales Carlos Restrepo Piedrahita, _c2001. |
||
| 300 | _a41 p. | ||
| 336 | _2rdacontent | ||
| 337 |
_2rdamedia _asin mediacion _bn |
||
| 338 |
_2rdacarrier _avolumen _bnc |
||
| 490 | 1 |
_aTemas de derecho publico ; _v62 |
|
| 505 | 8 | _aTecnicas juridicas de lucha contra la discriminacion de la mujer: un esbozo.--La sentencia Kalake, como procedente inmediato.--La sentencia Marschall | |
| 650 | 1 | 4 |
_aDiscriminacion sexual contra la mujer _zPaises de la Comunidad Economica Europea. |
| 908 | _a160627 | ||
| 942 |
_cBK _h305.42 _iB714d _2ddc _n0 |
||
| 999 |
_c17735 _d17735 |
||